000 01702nam a22002055i 4500
020 _a9780135172384
_q(paperback)
020 _q(epub)
020 _q(adobe pdf)
082 _a006.31 GRA
100 1 _aGraesser, Laura Harding,
_eauthor.
245 1 0 _aFoundations of deep reinforcement learning :
_btheory and practice in Python /
_cLaura Harding Graesser, Wah Loon Keng.
250 _aFirst edition.
260 _aBoston
_bAddison-Wesely
_c2020
300 _a379p
700 1 _aKeng, Wah Loon,
_952056
942 _2ddc
_cBK
999 _c554513
_d554513